| 000 | 00709nam a2200193 a 4500 | ||
|---|---|---|---|
| 001 | 000022450 | ||
| 005 | 20200930021626.0 | ||
| 008 | 101011s2001 dr 001 0 spa d | ||
| 020 | _a19292850108 | ||
| 040 |
_aDO-SdBNP _bspa _cBNPHU |
||
| 245 | 0 | 0 |
_aVanidad aparte : _bentrevistas con escritores / _cprólogo de Julio Ortega ; editores José Carvajal, René Rodríguez Soriano, Maritza Henríquez. |
| 260 |
_aMiami : _bAgencia Internacional de Noticias Literarias, _c2001. |
||
| 300 |
_a183 p. ; _c23 cm. |
||
| 700 | 1 |
_aOrtega, Julio _epról. _915068 |
|
| 700 | 1 |
_aCarvajal, José _eed. _912340 |
|
| 700 | 1 |
_aRodríquez Soriano, René _eed. _946274 |
|
| 700 | 1 |
_aHenríquez, Maritza _eed. _946275 |
|
| 049 | _aBNPD | ||
| 999 |
_c21948 _d21948 |
||